00374 2200145 4500245006800000250001100068100003100079650001600110005001900126260002500145041001400170084001000184300002500194336000900219 aRahasia Ketajaman Mata BathincSyaikh Imam al Ghazali ra.hText aCet. 1 aSyaikh Imam al Ghazali ra. aIlmu Tauhid a20230213150529 bKarya Agung Surabaya aIndonesia a2X3.1 a288 hlm. :c20.5 cm. atext